Environmental monitoring supported by aerial photography on the burnt down Bugac juniper forest, Hungary /

Wildfire poses a serious risk in several regions of the world threatening urban, agricultural areas and natural ecosystems as well. Nature conservation has important role to be prepared for the management of postfire environmental degradation and restoration for protected areas preserving valuable e...

Teljes leírás

Elmentve itt :
Bibliográfiai részletek
Szerzők: Szatmári József
Tobak Zalán
Novák Zsolt
Dokumentumtípus: Cikk
Megjelent: 2016
Sorozat:Journal of environmental geography 9 No. 1-2
Kulcsszavak:Térinformatika - Bugac
Tárgyszavak:
Online Access:http://acta.bibl.u-szeged.hu/44097
LEADER 02516nab a2200241 i 4500
001 acta44097
005 20220627155341.0
008 170426s2016 hu o 0|| eng d
022 |a 2060-467X 
040 |a SZTE Egyetemi Kiadványok Repozitórium  |b hun 
041 |a eng 
100 1 |a Szatmári József 
245 1 0 |a Environmental monitoring supported by aerial photography   |h [elektronikus dokumentum] :  |b on the burnt down Bugac juniper forest, Hungary /  |c  Szatmári József 
260 |c 2016 
300 |a 31-38 
490 0 |a Journal of environmental geography  |v 9 No. 1-2 
520 3 |a Wildfire poses a serious risk in several regions of the world threatening urban, agricultural areas and natural ecosystems as well. Nature conservation has important role to be prepared for the management of postfire environmental degradation and restoration for protected areas preserving valuable ecosystems. The improving temporal and spatial resolution of remote sensing and GIS methods significantly contributes to map the changes for accelerating management steps of restoration. In this study a severe wildfire and its impacts were assessed in case of a protected area of the Kiskunság National Park in Hungary, which was partly bu rnt down in 2012. The aim of this research was to efficiently and accurately assess the damages and to plan and execute the resto ration works using remote sensing tools. Aerial data collection was performed one month, and one year after the fire. In 2014 the regenerated vegetation was surveyed and mapped in the field. Using the aerial photographs and the field data, the degree and exten t of the fire damages, the types and the state of the vegetation and the presence and proportion of the invasive species were determined. Semi-automatic methods were used for the classification of completely, partially damaged and undamaged areas. Based on the results, the reforestation of the burnt area is suggested to prevent the overspreading of white poplar against common junipers and to clean the area from the most frequent invasive species. To monitor the regeneration of the vegetation and the spreading of the invasive species, further aerial photography and field campaigns are planned. 
650 4 |a Természettudományok 
650 4 |a Föld- és kapcsolódó környezettudományok 
695 |a Térinformatika - Bugac 
700 0 1 |a Tobak Zalán  |e aut 
700 0 1 |a Novák Zsolt  |e aut 
856 4 0 |u http://acta.bibl.u-szeged.hu/44097/1/journal_geo_009_001_002_031-038.pdf  |z Dokumentum-elérés